000 00629nam a2200205Ii 4500
001 9129
003 CO-ViMGA
008 241108s9999||||xx |||||||||||||| ||und||
040 _aCO-ViMGA
_bspa
_erda
_cCO-ViMGA
041 0 _aunk
082 0 4 _a338.6126-S571
100 1 _aPedro Nel Sierra
_951219
245 1 0 _aAntecedentes y resultados de la planificación en Antioquia
264 1 _a[Lugar de publicación no identificado] : Esap, 1990
300 _avolumen
336 _atext
_btxt
_2rdacontent
337 _aunmediated
_bn
_2rdamedia
338 _avolume
_bnc
_2rdacarrier
940 _aidficha_siabuc: 8927. -- ficha_no_siabuc:9129
999 _c54616
_d54616